书目信息 |
| 题名: |
马列著作毛泽东著作选读
|
|
| 作者: | ;中共中央党校 编 | |
| 分册: | 政治经济学部分 | |
| 出版信息: | 北京 人民出版社 1978 |
|
| 页数: | 532页 | |
| 开本: | 20cm | |
| 丛书名: | ||
| 单 册: | ||
| 中图分类: | A5 | |
| 科图分类: | ||
| 主题词: | 马列著作--汇编 | |
| 电子资源: | ||
| ISBN: | ||
| 000 | 00718nam0 2200241 45 | |
| 001 | 0178002496 | |
| 005 | 20060815165339.75 | |
| 010 | @dCNY1.15 | |
| 091 | @a1001.1156 | |
| 100 | @a19950714d1978 em y0chiy0121 ea | |
| 101 | 0 | @achi |
| 102 | @aCN@b110000 | |
| 105 | @ay z 000yy | |
| 200 | 10 | @a马列著作毛泽东著作选读@Ama lie zhu zuo mao ze dong zhu zuo xuan du@i政治经济学部分@f中共中央党校编@FZhong Gong Zhong Yang Dang Xiao Bian |
| 210 | @a北京@c人民出版社@d1978 | |
| 215 | @a532页@d20cm | |
| 300 | @a内部发行 | |
| 517 | @a政治经济学部分@AZheng Zhi Jing Ji Xue Bu Fen | |
| 606 | @a马列著作@x汇编 | |
| 690 | @aA5@v3 | |
| 711 | 02 | @a中共中央党校@4编 |
| 801 | 0 | @aCN@bNLC@c20060815 |
| 905 | @f1@b3355@dA5@e1:4 | |
| 马列著作毛泽东著作选读.政治经济学部分/中共中央党校编.-北京:人民出版社,1978 |
| 532页;20cm |
| 内部发行 |
| ISBN :CNY1.15 |
| ● |
| 相关链接 |
|
|
|
|
正题名:马列著作毛泽东著作选读
索取号:A5/1:4
 
预约/预借
| 序号 | 登录号 | 条形码 | 馆藏地/架位号 | 状态 | 备注 |
| 1 | 0003355 | 002046743 | 第一样本阅览室/ [索取号:A5/1:4] | 在馆 | |
| 2 | 0425237 | 204252370 | 密集书库/ [索取号:A5/1:4] | 在馆 | |
| 3 | 0460421 | 204604213 | 密集书库/ [索取号:A5/1:4] | 在馆 |